000 00491nam a2200169 a 4500
001 000017740
003 OSt
005 20240305082409.0
008 100331s1958 dr 000 0 spa d
040 _aDO-SdBNP
_bspa
_cBNPHU
082 _axxx
_bO83h
100 1 _aOsorio Lizarazo, J. A.,
_q (José Antonio)
_d1900-1964
_922545
245 1 0 _aHistoria clínica de una traición /
_cJ. A. Osorio Lizarazo.
260 _a[s.l.] :
_b[s.n.],
_c1958.
300 _a91 p. ;
_c21 cm.
942 _2ddc
_cLBS1
999 _c17265
_d17265